Complex Project Contract (Record no. 115477)

MARC details
000 -LEADER
fixed length control field 01162cad a22002295a 4500
001 - CONTROL NUMBER
control field L158722
008 - FIXED-LENGTH DATA ELEMENTS--GENERAL INFORMATION
fixed length control field 150429s2013 xxk f 000 0 eng d
035 ## - SYSTEM CONTROL NUMBER
System control number (Sirsi) u158722
041 ## - LANGUAGE CODE
Language code of text/sound track or separate title eng
110 ## - MAIN ENTRY--CORPORATE NAME
Corporate name or jurisdiction name as entry element Chartered Institute of Building
9 (RLIN) 2134
245 ## - TITLE STATEMENT
Title Complex Project Contract
Remainder of title Contract Agreement
Medium [electronic resource]
260 ## - PUBLICATION, DISTRIBUTION, ETC.
Place of publication, distribution, etc. Ascot
Name of publisher, distributor, etc. CIOB
Date of publication, distribution, etc. 2013
300 ## - PHYSICAL DESCRIPTION
Extent 8p.
520 ## - SUMMARY, ETC.
Summary, etc. Contains details of the Project, the Parties and those consultants appointed to various positions by the employer. It also sets out the Contract Documents and the Contract Sum. It contains the specified Law of the Contract and the format for exaction as a Deed under English Law. If a different form of execution is intended from that provided, the execution pages can be substituted with others.
520 ## - SUMMARY, ETC.
Summary, etc. Forms part of Contract for Complex Projects http://www.ciob.org/insight/contract-complex-projects
650 ## - SUBJECT ADDED ENTRY--TOPICAL TERM
Topical term or geographic name entry element CONTRACT AGREEMENT
651 #4 - SUBJECT ADDED ENTRY--GEOGRAPHIC NAME
Geographic name ENGLAND AND WALES
690 ## - LOCAL SUBJECT ADDED ENTRY--TOPICAL TERM (OCLC, RLIN)
Topical term or geographic name as entry element BUILT ENVIRONMENT
856 40 - ELECTRONIC LOCATION AND ACCESS
Uniform Resource Identifier <a href="https://www.ciob.org/sites/default/files/CPCAgreement-180613.pdf">https://www.ciob.org/sites/default/files/CPCAgreement-180613.pdf</a>
Processor of request View this item at www.ciob.org
942 ## - ADDED ENTRY ELEMENTS (KOHA)
Suppress in OPAC 0
948 ## - LOCAL PROCESSING INFORMATION (OCLC); SERIES PART DESIGNATOR (RLIN)
c (OCLC) 20/03/1998
Holdings
Withdrawn status Lost status Source of classification or shelving scheme Damaged status Not for loan Home library Current library Shelving location Date acquired Total Checkouts Full call number Barcode Date last seen Copy number Price effective from Koha item type
    Dewey Decimal Classification     Virtual Virtual Online 01/07/2015   ONLINE PUBLICATION 158722-2001 06/08/2019 1 06/08/2019 Book